The sounds and colors of power : the sacred metallurgical technology of ancient West Mexico

Αποθηκεύτηκε σε:
Λεπτομέρειες βιβλιογραφικής εγγραφής
Κύριος συγγραφέας: Hosler, Dorothy
Μορφή: Βιβλίο
Γλώσσα:English
Δημοσίευση: Cambridge, Mass. : MIT Press, c1994
Θέματα:
Ετικέτες: Προσθήκη ετικέτας
Δεν υπάρχουν, Καταχωρήστε ετικέτα πρώτοι!

MARC

LEADER 00000nam a2200000 i 4500
001 1/33763
008 030304s1994 eng d
020 |a 0-262-08230-6 
035 |l 10069570 
040 |a GR-MY-UA  |b gre  |e aacr 
041 0 |a eng 
082 0 |a 669.0972  |2 (21) 
100 1 |a Hosler, Dorothy. 
245 1 4 |a The sounds and colors of power :  |b the sacred metallurgical technology of ancient West Mexico /  |c Dorothy Hosler 
260 |a Cambridge, Mass. :   |b MIT Press,   |c c1994 
300 |a x, 310 σ.;  |b εικ.;  |c 24 εκ. 
504 |a Βιβλιογραφία: σ. 283-300. Ευρετήριο 
650 0 0 |a Indian metal-work  |z Mexico  |x History. 
650 0 0 |a Indians of Mexico  |x Antiquities. 
650 0 0 |a Metallurgy  |z Mexico  |x History. 
650 0 0 |a Founding  |z Mexico  |x History. 
651 0 |a Mexico  |x Antiquities. 
852 |a INST  |b SYROS  |e 20030304  |h 669.0972 HOS  |p 005500002385  |q 005500002385  |t BK  |y 0 
901 |a BIBL5-2003-1 
909 |a Ε  |b 103341 
922 |a 5ΕΛΗ  |b 200210  |c ΤΜΣΠΣ  |d ΠΑΠΑΣΩΤΗΡΙΟΥ 
950 |a 183-2002-10-19 
970 |a ΚΑΓΙΑΒΑ  |b ΕΙΡΗΝΗ  |z 2003/03/13